000 00446nam a22001817a 4500
005 20230509124829.0
008 230509b |||||||| |||| 00| 0 eng d
020 _a978-81-265-1414-4
041 _aeng
082 _a615. CON-A
100 _aCONNORS, KENNETH A .
_97844
245 _aA TEXTBOOK OF PHARMACEUTICAL ANALYSYS
250 _a3rd ed.
260 _bWILEY
300 _a664;P.
650 _aPHARMACY
_xB. PHARMA
_97845
942 _cBK
999 _c8306
_d8304